| 000 | 00557 a2200169 4500 | ||
|---|---|---|---|
| 020 | _a9056992732 | ||
| 020 | _a9789056992736 | ||
| 082 | _a530.41 | ||
| 090 |
_c1284 _d1284 |
||
| 100 | 1 | _aRogalski, Mircea S. | |
| 245 | 1 | 0 |
_aSolid state physics / _cMircea S. Rogalski, Stuart B. Palmer. |
| 260 |
_a[S.l.] : _bCRC Press, _c2000. |
||
| 300 |
_a478 p. ; _c25 cm. |
||
| 700 | 1 | _aPalmer, Stuart B. | |
| 942 |
_aSNS _cBK _k530.41 ROG |
||
| 999 |
_c29897 _d29897 |
||